[Event "17. Open de Gros 2007"]
[Site "San Sebastián ESP"]
[Date "2007.09.23"]
[Round "3.4"]
[White "Argandona Rivero, Inigo"]
[Black "Darrigues, Alain"]
[Result "1-0"]
[WhiteElo "2390"]
[BlackElo "1991"]
[PlyCount "61"]
[EventDate "2007.09.21"]
[EventType "swiss"]
[EventRounds "9"]
[EventCountry "ESP"]
[Source "lmi"]
[SourceDate "2007.09.21"]

1. d4 Nf6 2. c4 c5 3. d5 e6 4. Nc3 exd5 5. cxd5 d6 6. e4 g6 7. f4 Bg7 8. Bb5+
Nfd7 9. Be2 O-O 10. Nf3 Re8 11. O-O Na6 12. Nd2 Bd4+ 13. Kh1 Nf6 14. Nb5 Nxe4
15. Nxd4 Nxd2 16. Qxd2 cxd4 17. b4 Qb6 18. a3 Bf5 19. Bb2 Re3 20. Rfd1 Rae8 21.
Bxa6 Qxa6 22. Qxd4 Kf8 23. Rac1 Qe2 24. Qg7+ Ke7 25. Bf6+ Kd7 26. Qxf7+ R8e7
27. Bxe7 Rxe7 28. Qg8 Re8 29. Qxh7+ Re7 30. Qh8 Re8 31. Qc3 1-0

[Event "17. Open de Gros 2007"]
[Site "San Sebastián ESP"]
[Date "2007.09.23"]
[Round "3.5"]
[White "Tung, Siu Hung"]
[Black "Khamrakulov, Dzhurabek"]
[Result "1/2-1/2"]
[WhiteElo "1970"]
[BlackElo "2322"]
[PlyCount "117"]
[EventDate "2007.09.21"]
[EventType "swiss"]
[EventRounds "9"]
[EventCountry "ESP"]
[Source "lmi"]
[SourceDate "2007.09.21"]

1. e4 c5 2. c3 e6 3. d4 cxd4 4. cxd4 d5 5. e5 Nc6 6. Nf3 Qb6 7. Nc3 Bd7 8. a3
f6 9. Be3 a6 10. Be2 Nge7 11. O-O Nf5 12. Bd3 Nxe3 13. fxe3 Be7 14. exf6 gxf6
15. b4 Qa7 16. b5 axb5 17. Nxb5 Qa5 18. Nd2 Na7 19. Nb3 Qb6 20. Nxa7 Rxa7 21.
Qh5+ Kd8 22. Rab1 Qc7 23. Rfc1 Bc6 24. Qf7 Rf8 25. Qxh7 Bxa3 26. Qh6 Qe7 27.
Re1 f5 28. Re2 Bd6 29. Nc5 Rf6 30. Qg5 Bxc5 31. dxc5 Rf7 32. Qf4 e5 33. Qb4 Qc7
34. Bb5 Bxb5 35. Qxb5 Ra5 36. Qb4 Qxc5 37. Qb2 Qd6 38. Qc3 Rc5 39. Qa3 Qc6 40.
Ree1 b5 41. Red1 Rc7 42. h3 Kc8 43. Qd3 Qd7 44. Rf1 e4 45. Qa3 Kd8 46. Rbd1 Ke8
47. Qa1 Rc3 48. Qa8+ Rc8 49. Qxd5 Qxd5 50. Rxd5 b4 51. Rdxf5 b3 52. Rf8+ Kd7
53. R1f7+ Kd6 54. Rxc8 Rxc8 55. Rb7 Rc1+ 56. Kf2 Rb1 57. h4 Kc6 58. Rb4 Kc5 59.
Rb8 1/2-1/2

[Event "17. Open de Gros 2007"]
[Site "San Sebastián ESP"]
[Date "2007.09.23"]
[Round "3.6"]
[White "Rodriguez Gonzalez, Javier"]
[Black "Galarza Cenzano, Inigo"]
[Result "1-0"]
[WhiteElo "2261"]
[BlackElo "1991"]
[PlyCount "37"]
[EventDate "2007.09.21"]
[EventType "swiss"]
[EventRounds "9"]
[EventCountry "ESP"]
[Source "lmi"]
[SourceDate "2007.09.21"]

1. d4 Nf6 2. Bg5 c6 3. Nd2 d6 4. e4 Qa5 5. Bxf6 exf6 6. Bd3 g6 7. Ne2 Bg7 8.
O-O d5 9. Nb3 Qd8 10. exd5 cxd5 11. Nf4 O-O 12. Qf3 Nc6 13. c3 Ne7 14. Rfe1 b6
15. Rxe7 Qxe7 16. Nxd5 Qd6 17. Nxf6+ Qxf6 18. Qxa8 Ba6 19. Qe4 1-0

[Event "17. Open de Gros 2007"]
[Site "San Sebastián ESP"]
[Date "2007.09.23"]
[Round "3.7"]
[White "Rizouk, Aimen"]
[Black "Markina Amutxastegi, Fernando"]
[Result "1-0"]
[WhiteElo "2470"]
[BlackElo "1852"]
[PlyCount "23"]
[EventDate "2007.09.21"]
[EventType "swiss"]
[EventRounds "9"]
[EventCountry "ESP"]
[Source "lmi"]
[SourceDate "2007.09.21"]

1. e4 e5 2. Nf3 Nc6 3. Bc4 Be7 4. d3 d6 5. c3 Bd7 6. Qb3 Na5 7. Bxf7+ Kf8 8.
Qa3 Kxf7 9. Qxa5 Nf6 10. Qa3 Rf8 11. Qb3+ Be6 12. Ng5+ 1-0

[Event "17. Open de Gros 2007"]
[Site "San Sebastián ESP"]
[Date "2007.09.23"]
[Round "3.8"]
[White "Lakunza, Juan Carlos"]
[Black "Juez Villar, Erik"]
[Result "1-0"]
[WhiteElo "2128"]
[BlackElo "1806"]
[PlyCount "75"]
[EventDate "2007.09.21"]
[EventType "swiss"]
[EventRounds "9"]
[EventCountry "ESP"]
[Source "lmi"]
[SourceDate "2007.09.21"]

1. d4 Nf6 2. c4 e6 3. Nf3 b6 4. g3 Bb7 5. Bg2 Be7 6. O-O O-O 7. b3 d6 8. Bb2
Nbd7 9. Nc3 Ne4 10. Qc2 Nxc3 11. Qxc3 Bf6 12. Qc2 Rb8 13. Rad1 c6 14. e4 d5 15.
Rfe1 Be7 16. a3 Rc8 17. b4 Re8 18. Nd2 Qc7 19. Qb3 Nf6 20. e5 dxc4 21. Nxc4 Nd7
22. Rc1 Ba8 23. Be4 c5 24. Bxa8 Rxa8 25. dxc5 bxc5 26. b5 Rab8 27. a4 a6 28.
Bc3 axb5 29. axb5 Qb7 30. Red1 Nb6 31. Na5 c4 32. Qc2 Qf3 33. Bd4 Bg5 34. Rb1
Nd5 35. b6 Be7 36. Qxc4 Nxb6 37. Qc6 Qxc6 38. Nxc6 1-0

[Event "17. Open de Gros 2007"]
[Site "San Sebastián ESP"]
[Date "2007.09.23"]
[Round "3.9"]
[White "Tung, Kai Ming"]
[Black "Boo Aldanondo, Alex"]
[Result "1-0"]
[WhiteElo "2083"]
[BlackElo "1669"]
[PlyCount "35"]
[EventDate "2007.09.21"]
[EventType "swiss"]
[EventRounds "9"]
[EventCountry "ESP"]
[Source "lmi"]
[SourceDate "2007.09.21"]

1. e4 e5 2. d4 exd4 3. c3 Be7 4. Bc4 d6 5. Qb3 dxc3 6. Bxf7+ Kf8 7. Nf3 Nc6 8.
Nxc3 Nf6 9. Ng5 Ne5 10. O-O Nfg4 11. f4 d5 12. fxe5 Bc5+ 13. Kh1 Nf2+ 14. Rxf2
Bxf2 15. Nxd5 Bc5 16. Be3 Bxe3 17. Qxe3 g6 18. e6 1-0

[Event "17. Open de Gros 2007"]
[Site "San Sebastián ESP"]
[Date "2007.09.23"]
[Round "3.10"]
[White "Iglesias Gonzalez, Veronica"]
[Black "Andres Gonzalez, Ivan"]
[Result "0-1"]
[WhiteElo "1779"]
[BlackElo "2392"]
[PlyCount "84"]
[EventDate "2007.09.21"]
[EventType "swiss"]
[EventRounds "9"]
[EventCountry "ESP"]
[Source "lmi"]
[SourceDate "2007.09.21"]

1. d4 Nf6 2. c4 c5 3. d5 b5 4. cxb5 a6 5. Nc3 axb5 6. Bg5 b4 7. Bxf6 exf6 8.
Ne4 d6 9. e3 f5 10. Ng3 g6 11. Bc4 Bg7 12. Rb1 O-O 13. N1e2 Nd7 14. O-O Ne5 15.
Qc2 Qa5 16. a3 bxa3 17. bxa3 Qxa3 18. Rb6 Rd8 19. Rfb1 h5 20. Nf4 h4 21. Nge2
Nxc4 22. Qxc4 Ba6 23. Qc1 Qxc1+ 24. Nxc1 Bc4 25. Nb3 Rdb8 26. Nd2 Rxb6 27. Rxb6
Bc3 28. g4 Bxd2 29. gxf5 h3 30. Nxh3 Bxd5 31. Kf1 Bf3 32. Rb1 c4 33. Ng5 c3 34.
Nxf3 c2 35. Nxd2 cxb1=Q+ 36. Nxb1 Ra1 37. fxg6 Rxb1+ 38. Kg2 fxg6 39. Kg3 Kf7
40. h4 Kf6 41. e4 Ke5 42. f3 Rh1 0-1

[Event "17. Open de Gros 2007"]
[Site "San Sebastián ESP"]
[Date "2007.09.23"]
[Round "3.12"]
[White "Boulinguez, Jean Marc"]
[Black "Garro Beraza, Haritz"]
[Result "1-0"]
[WhiteElo "1748"]
[BlackElo "1950"]
[PlyCount "113"]
[EventDate "2007.09.21"]
[EventType "swiss"]
[EventRounds "9"]
[EventCountry "ESP"]
[Source "lmi"]
[SourceDate "2007.09.21"]

1. d4 Nf6 2. c4 g6 3. Nc3 Bg7 4. e4 d6 5. Nge2 O-O 6. f3 e5 7. Be3 c6 8. Qd2 a6
9. g4 b5 10. Ng3 Qa5 11. Be2 b4 12. Nd1 exd4 13. Bxd4 c5 14. Be3 Qc7 15. Bf4
Rd8 16. g5 Ne8 17. Ne3 Nc6 18. Nd5 Qb7 19. O-O Be6 20. Be3 Nd4 21. Bd3 b3 22.
a3 Nc2 23. Bxc2 bxc2 24. Qxc2 Bxd5 25. exd5 Qxb2 26. Qxb2 Bxb2 27. Ra2 Rab8 28.
Rf2 Bg7 29. Ne4 Rb3 30. Rfe2 Rdb8 31. Kf2 a5 32. Bf4 Bd4+ 33. Kg2 R3b6 34. Be3
Be5 35. Nxc5 dxc5 36. Bxc5 Rb2 37. Raxb2 Rxb2 38. Rxb2 Bxb2 39. d6 Ng7 40. d7
Ne6 41. a4 f6 42. Be7 fxg5 43. d8=Q+ Nxd8 44. Bxd8 Bc3 45. Bxg5 Kf7 46. Kf2 Ke6
47. Ke3 Kd6 48. Kd3 Be1 49. Bd2 Bxd2 50. Kxd2 Kc5 51. Kc3 g5 52. h3 h6 53. Kd3
Kb4 54. Kd4 Kxa4 55. c5 Kb5 56. Kd5 a4 57. c6 1-0

[Event "17. Open de Gros 2007"]
[Site "San Sebastián ESP"]
[Date "2007.09.24"]
[Round "4.1"]
[White "Paunovic, Dragan"]
[Black "Andres Gonzalez, Alberto"]
[Result "1-0"]
[WhiteElo "2531"]
[BlackElo "2435"]
[PlyCount "117"]
[EventDate "2007.09.21"]
[EventType "swiss"]
[EventRounds "9"]
[EventCountry "ESP"]
[Source "lmi"]
[SourceDate "2007.09.21"]

1. Nf3 Nf6 2. c4 c6 3. d4 d5 4. e3 Bf5 5. Nc3 e6 6. Nh4 Be4 7. f3 Bg6 8. Qb3
Qb6 9. Nxg6 hxg6 10. Bd2 Nbd7 11. Bd3 Bd6 12. c5 Qxb3 13. axb3 Bc7 14. b4 e5
15. Kf2 Nf8 16. b5 Ne6 17. bxc6 bxc6 18. Ne2 Kd7 19. b4 e4 20. Ba6 exf3 21.
gxf3 Rh3 22. b5 Rah8 23. bxc6+ Kxc6 24. Rab1 Rxh2+ 25. Rxh2 Rxh2+ 26. Kg1 Kd7
27. c6+ Kxc6 28. Bb5+ Kb7 29. Bd7+ Bb6 30. Kxh2 Nxd7 31. Kg2 Nf6 32. Nc3 Kc6
33. Rc1 Kd7 34. Kf1 Nc7 35. Be1 Nh5 36. Ke2 g5 37. Bf2 g6 38. Kd3 Ke6 39. Rg1
f6 40. Na4 Kd7 41. Rb1 Kc6 42. Rc1+ Kd6 43. Be1 Ne6 44. Bb4+ Kd7 45. Bc5 Bc7
46. Bxa7 f5 47. Bb6 Bd6 48. Ba5 Nf6 49. Nb6+ Ke7 50. Nc8+ Kd7 51. Nxd6 Kxd6 52.
Bb4+ Kd7 53. Ra1 g4 54. Ra7+ Nc7 55. Ba5 Nfe8 56. fxg4 fxg4 57. Ke2 Kd6 58.
Bxc7+ Nxc7 59. Kf2 1-0

[Event "17. Open de Gros 2007"]
[Site "San Sebastián ESP"]
[Date "2007.09.24"]
[Round "4.2"]
[White "Argandona Rivero, Inigo"]
[Black "Kovalyov, Anton"]
[Result "1-0"]
[WhiteElo "2390"]
[BlackElo "2510"]
[PlyCount "89"]
[EventDate "2007.09.21"]
[EventType "swiss"]
[EventRounds "9"]
[EventCountry "ESP"]
[Source "lmi"]
[SourceDate "2007.09.21"]

1. d4 Nf6 2. c4 e6 3. Nc3 Bb4 4. a3 Bxc3+ 5. bxc3 c5 6. e3 Nc6 7. Bd3 b6 8. Ne2
O-O 9. e4 Ne8 10. f4 f5 11. e5 d6 12. exd6 Nxd6 13. Be3 Ba6 14. dxc5 Nxc4 15.
Bxc4 Bxc4 16. Qxd8 Rfxd8 17. cxb6 axb6 18. Nd4 Na5 19. Kf2 Bd5 20. Nb5 Nc4 21.
Nc7 Nxe3 22. Kxe3 Rac8 23. Nxd5 Rxd5 24. Rhc1 Rc4 25. Rc2 Ra4 26. Kf3 Rd3+ 27.
Kf2 Rxf4+ 28. Ke2 Rd6 29. Rb1 Re4+ 30. Kf2 Ra4 31. Rb3 Kf7 32. c4 Rc6 33. Rbc3
Ra5 34. Ke3 Rac5 35. Kd3 e5 36. Rb3 e4+ 37. Kd4 Rd6+ 38. Ke3 Kf6 39. g4 g6 40.
gxf5 gxf5 41. Kf4 Re6 42. Rh3 b5 43. Rg2 bxc4 44. Rxh7 c3 45. Rhg7 1-0

[Event "17. Open de Gros 2007"]
[Site "San Sebastián ESP"]
[Date "2007.09.24"]
[Round "4.3"]
[White "Rizouk, Aimen"]
[Black "Rodriguez Gonzalez, Javier"]
[Result "1-0"]
[WhiteElo "2470"]
[BlackElo "2261"]
[PlyCount "67"]
[EventDate "2007.09.21"]
[EventType "swiss"]
[EventRounds "9"]
[EventCountry "ESP"]
[Source "lmi"]
[SourceDate "2007.09.21"]

1. e4 e6 2. d4 d5 3. Nd2 Nf6 4. e5 Nfd7 5. Bd3 b6 6. c3 c5 7. Nh3 Ba6 8. Bxa6
Nxa6 9. a3 Be7 10. Qg4 g6 11. Nf3 h6 12. Nf4 Nf8 13. h4 Qd7 14. O-O Nb8 15.
dxc5 bxc5 16. c4 d4 17. Nd3 a5 18. Nd2 Nc6 19. Ne4 Qc7 20. Bf4 Nd7 21. Nd6+
Bxd6 22. exd6 Qd8 23. Rfe1 Qf6 24. b4 Rc8 25. b5 Ncb8 26. Bd2 Nb6 27. Bxa5 Nxc4
28. Bc7 Nd7 29. Rac1 Ncb6 30. Nxc5 O-O 31. Nxd7 Nxd7 32. Qe4 e5 33. a4 Qe6 34.
a5 1-0

[Event "17. Open de Gros 2007"]
[Site "San Sebastián ESP"]
[Date "2007.09.24"]
[Round "4.4"]
[White "Khamrakulov, Dzhurabek"]
[Black "Lakunza, Juan Carlos"]
[Result "1-0"]
[WhiteElo "2322"]
[BlackElo "2128"]
[PlyCount "63"]
[EventDate "2007.09.21"]
[EventType "swiss"]
[EventRounds "9"]
[EventCountry "ESP"]
[Source "lmi"]
[SourceDate "2007.09.21"]

1. e4 e5 2. Nf3 Nc6 3. d4 exd4 4. Nxd4 Nf6 5. Nc3 Bb4 6. Nxc6 bxc6 7. Bd3 d5 8.
exd5 cxd5 9. O-O O-O 10. Bg5 c6 11. Qf3 Be7 12. Rae1 Rb8 13. Nd1 Be6 14. c3 Re8
15. h3 c5 16. Re2 d4 17. c4 Qd7 18. b3 Qb7 19. Qg3 h6 20. Bxh6 Nh5 21. Qe5 gxh6
22. Qxh5 Bf8 23. f4 Bd7 24. Rfe1 Qa6 25. Nf2 Rxe2 26. Rxe2 Qf6 27. Qd5 Bc6 28.
Ng4 Qd6 29. Qxd6 Bxd6 30. Nxh6+ Kf8 31. g3 a5 32. Nf5 1-0

[Event "17. Open de Gros 2007"]
[Site "San Sebastián ESP"]
[Date "2007.09.24"]
[Round "4.5"]
[White "Sanz Perez, Eduardo"]
[Black "Tung, Kai Ming"]
[Result "1/2-1/2"]
[WhiteElo "2156"]
[BlackElo "2083"]
[PlyCount "46"]
[EventDate "2007.09.21"]
[EventType "swiss"]
[EventRounds "9"]
[EventCountry "ESP"]
[Source "lmi"]
[SourceDate "2007.09.21"]

1. f4 f5 2. Nf3 Nf6 3. b4 e6 4. b5 a6 5. e3 axb5 6. Bxb5 Be7 7. Bb2 b6 8. O-O
Ba6 9. a4 c6 10. Be2 Bxe2 11. Qxe2 O-O 12. Qc4 Na6 13. Nc3 Nc5 14. Ba3 Nce4 15.
Rfb1 Bxa3 16. Rxa3 b5 17. Qb4 Nxc3 18. Qxc3 Qa5 19. Qd4 bxa4 20. Rb4 c5 21.
Rbxa4 cxd4 22. Rxa5 Rxa5 23. Rxa5 dxe3 1/2-1/2

[Event "17. Open de Gros 2007"]
[Site "San Sebastián ESP"]
[Date "2007.09.24"]
[Round "4.6"]
[White "Zulaika Centeno, Ander"]
[Black "Tung, Siu Hung"]
[Result "1-0"]
[WhiteElo "2075"]
[BlackElo "1970"]
[PlyCount "89"]
[EventDate "2007.09.21"]
[EventType "swiss"]
[EventRounds "9"]
[EventCountry "ESP"]
[Source "lmi"]
[SourceDate "2007.09.21"]

1. e4 c6 2. d4 d6 3. Nc3 Nf6 4. f4 g6 5. Nf3 Bg7 6. Bd3 Qb6 7. e5 dxe5 8. fxe5
Ng4 9. h3 Nh6 10. O-O Nf5 11. Ne2 c5 12. c3 cxd4 13. cxd4 Nc6 14. Kh1 O-O 15.
g4 Nh6 16. Be3 Nxg4 17. hxg4 Bxg4 18. Qd2 Qd8 19. Be4 Qd7 20. Bh6 Bxf3+ 21.
Rxf3 Qg4 22. Bf4 Rad8 23. Qe3 Nb4 24. Rg1 Qe6 25. Nc3 Qc4 26. Rd1 Rd7 27. Bh6
f5 28. exf6 exf6 29. Bxg7 Rxg7 30. a3 f5 31. Bb1 f4 32. Qe4 g5 33. axb4 Qxb4
34. Rh3 Qe7 35. Qxe7 Rxe7 36. Kg2 Rg7 37. Rdh1 g4 38. Rxh7 f3+ 39. Kf1 Rxh7 40.
Bxh7+ Kg7 41. Be4 Kf6 42. Rh5 Rg8 43. Nd5+ Ke6 44. Ne3 Kf6 45. Kf2 1-0

[Event "17. Open de Gros 2007"]
[Site "San Sebastián ESP"]
[Date "2007.09.24"]
[Round "4.7"]
[White "Olmo Vega, Diego"]
[Black "Mirzoev, Azer"]
[Result "0-1"]
[WhiteElo "1891"]
[BlackElo "2551"]
[PlyCount "82"]
[EventDate "2007.09.21"]
[EventType "swiss"]
[EventRounds "9"]
[EventCountry "ESP"]
[Source "lmi"]
[SourceDate "2007.09.21"]

1. e4 c5 2. Nf3 e6 3. d4 cxd4 4. Nxd4 a6 5. Bd3 g6 6. O-O Bg7 7. Be3 Ne7 8. c4
O-O 9. Nc3 d6 10. Qd2 Nbc6 11. Nxc6 bxc6 12. Rfd1 Qc7 13. Rac1 c5 14. Re1 Nc6
15. Bf1 Bb7 16. Rcd1 Rfd8 17. g3 Rab8 18. f4 Nd4 19. Bg2 Bc6 20. Bxd4 cxd4 21.
Nb1 a5 22. b3 Qb6 23. Qd3 a4 24. Nd2 Qb4 25. Rc1 Ra8 26. Kh1 e5 27. Rc2 axb3
28. axb3 Ra3 29. Rec1 h5 30. fxe5 dxe5 31. Rf1 Rda8 32. Rfc1 Bh6 33. Re1 Bxd2
34. Qxd2 Qxd2 35. Rxd2 Rxb3 36. Rc2 Rab8 37. Kg1 Kf8 38. Kf1 Rb2 39. Rec1 Ke7
40. Ke2 f5 41. Ke1 fxe4 0-1

[Event "17. Open de Gros 2007"]
[Site "San Sebastián ESP"]
[Date "2007.09.24"]
[Round "4.8"]
[White "Andres Gonzalez, Ivan"]
[Black "Rodriguez Vallejo, Julio"]
[Result "1-0"]
[WhiteElo "2392"]
[BlackElo "1831"]
[PlyCount "29"]
[EventDate "2007.09.21"]
[EventType "swiss"]
[EventRounds "9"]
[EventCountry "ESP"]
[Source "lmi"]
[SourceDate "2007.09.21"]

1. d4 Nf6 2. Nc3 g6 3. e4 d6 4. f4 Bg7 5. Nf3 O-O 6. Bd3 Bg4 7. h3 Bxf3 8. Qxf3
Nbd7 9. e5 Ne8 10. Qxb7 c5 11. Nd5 cxd4 12. Nxe7+ Qxe7 13. Qxa8 dxe5 14. O-O e4
15. Qxe4 1-0

[Event "17. Open de Gros 2007"]
[Site "San Sebastián ESP"]
[Date "2007.09.24"]
[Round "4.9"]
[White "Garat, Jacques"]
[Black "Salcedo, Marc"]
[Result "0-1"]
[WhiteElo "1708"]
[BlackElo "2008"]
[PlyCount "52"]
[EventDate "2007.09.21"]
[EventType "swiss"]
[EventRounds "9"]
[EventCountry "ESP"]
[Source "lmi"]
[SourceDate "2007.09.21"]

1. c4 e5 2. Nc3 Nc6 3. Nf3 f5 4. e3 e4 5. Ng1 Nf6 6. d3 Bb4 7. Bd2 O-O 8. a3
Be7 9. d4 Kh8 10. Nge2 d5 11. Nf4 dxc4 12. Bxc4 Bd6 13. Nfd5 f4 14. Nb5 fxe3
15. Bxe3 Be6 16. Nb6 Bg4 17. f3 exf3 18. gxf3 axb6 19. fxg4 Qe7 20. Nxd6 Qxe3+
21. Qe2 Qxe2+ 22. Kxe2 cxd6 23. h3 Nxd4+ 24. Kd3 Nc6 25. Rad1 Ne5+ 26. Kc3 Rac8
0-1

[Event "17. Open de Gros 2007"]
[Site "San Sebastián ESP"]
[Date "2007.09.24"]
[Round "4.10"]
[White "Tholey, Jean-Paul"]
[Black "Boulinguez, Jean Marc"]
[Result "1-0"]
[WhiteElo "2004"]
[BlackElo "1748"]
[PlyCount "159"]
[EventDate "2007.09.21"]
[EventType "swiss"]
[EventRounds "9"]
[EventCountry "ESP"]
[Source "lmi"]
[SourceDate "2007.09.21"]

1. Nf3 Nf6 2. c4 c6 3. g3 d5 4. d4 Nbd7 5. Bg2 g6 6. O-O Bg7 7. cxd5 cxd5 8.
Nc3 O-O 9. Bf4 Nb6 10. Rc1 Nh5 11. Bd2 Nc4 12. b3 Nxd2 13. Qxd2 Nf6 14. Ne5 Qa5
15. Ne4 Qxd2 16. Nxd2 Bh6 17. e3 b6 18. Rc7 Ba6 19. Rfc1 Rfc8 20. Rxc8+ Rxc8
21. Rxc8+ Bxc8 22. Nc6 Bf8 23. Nxa7 Bb7 24. Bf1 Ne8 25. Nb5 e6 26. Be2 Bb4 27.
Nb1 Ba6 28. Kf1 Bxb5 29. Bxb5 Nd6 30. Bd3 Nc8 31. Ke2 Kf8 32. a3 Be7 33. Kd2
Ke8 34. b4 Nd6 35. Nc3 Kd8 36. Kc2 Kc7 37. Kb3 h5 38. e4 dxe4 39. Nxe4 Nxe4 40.
Bxe4 h4 41. h3 f5 42. Bf3 Bd6 43. gxh4 Bh2 44. d5 Bg1 45. dxe6 Bxf2 46. h5 Kd6
47. hxg6 Kxe6 48. Bd5+ Kf6 49. Bf7 f4 50. Kc4 f3 51. Kd3 Be1 52. Ke3 f2 53. Ke2
Kg7 54. Kf1 Kh6 55. h4 Kg7 56. h5 Kh6 57. Bc4 Kg7 58. Kg2 Kh6 59. Kh3 Bc3 60.
Kg4 Bd2 61. Kf5 Bc3 62. Be2 Bd4 63. Ke4 Bc3 64. Kd5 Bd2 65. Kc4 Be3 66. Kb5 Bd4
67. a4 f1=Q 68. Bxf1 Kxh5 69. Bd3 Kh6 70. a5 bxa5 71. bxa5 Kg7 72. a6 Kf8 73.
Kc6 Kg7 74. Kb7 Kf8 75. a7 Bxa7 76. Kxa7 Kg7 77. Kb7 Kf8 78. Kc7 Kg7 79. Kd7
Kf8 80. Ke6 1-0

[Event "17. Open de Gros 2007"]
[Site "San Sebastián ESP"]
[Date "2007.09.24"]
[Round "4.12"]
[White "Espin Laborde, Jesus M"]
[Black "Salterain Gonzalez, Galder"]
[Result "1/2-1/2"]
[WhiteElo "1790"]
[BlackElo "1986"]
[PlyCount "153"]
[EventDate "2007.09.21"]
[EventType "swiss"]
[EventRounds "9"]
[EventCountry "ESP"]
[Source "lmi"]
[SourceDate "2007.09.21"]

1. e4 d6 2. d4 Nf6 3. Nc3 g6 4. f4 Bg7 5. Nf3 O-O 6. Bc4 c6 7. e5 dxe5 8. fxe5
Nd5 9. Nxd5 cxd5 10. Bd3 Nc6 11. c3 a6 12. a4 Qb6 13. b4 Bg4 14. a5 Qc7 15. O-O
Na7 16. Bb2 Nb5 17. Qb3 Qd7 18. c4 Bxf3 19. cxb5 Bg4 20. b6 Rfc8 21. b5 axb5
22. Bxb5 Qd8 23. Bd3 Rc6 24. Bb5 Rcc8 25. Bc3 Bd7 26. Bxd7 Qxd7 27. Bd2 f6 28.
Rac1 fxe5 29. dxe5 Bxe5 30. Bf4 Bd4+ 31. Kh1 Rxa5 32. Rxc8+ Qxc8 33. Bc7 Qf5
34. Rd1 Be5 35. Bxe5 Qxe5 36. h3 Qd6 37. Rc1 Rc5 38. Rf1 e6 39. Qf3 Qe7 40. Qa3
d4 41. Qb4 Qd6 42. Rd1 Rd5 43. Qa4 Qd7 44. Qa8+ Kg7 45. Qa7 d3 46. Rc1 d2 47.
Rd1 e5 48. Qa1 Kh6 49. Qc3 Kg7 50. Qb2 Kg8 51. Qb3 Kg7 52. Qe3 Qd6 53. Kg1 Rd3
54. Qe4 Qxb6+ 55. Kh1 Re3 56. Qh4 Re1+ 57. Rxe1 dxe1=Q+ 58. Qxe1 Qd6 59. Qa5 e4
60. Qa7 Qd1+ 61. Kh2 Qd6+ 62. Kh1 Qe7 63. Qd4+ Kg8 64. Qc4+ Kg7 65. Qd4+ Kf7
66. Qd5+ Ke8 67. Qg8+ Kd7 68. Qd5+ Kc7 69. Qc4+ Kb6 70. Qd4+ Ka5 71. Qa1+ Kb5
72. Qb2+ Qb4 73. Qe5+ Ka6 74. Qe6+ b6 75. Qa2+ Kb5 76. Qe2+ Qc4 77. Qb2+
1/2-1/2

[Event "17. Open de Gros 2007"]
[Site "San Sebastián ESP"]
[Date "2007.09.25"]
[Round "5.1"]
[White "Paunovic, Dragan"]
[Black "Argandona Rivero, Inigo"]
[Result "1-0"]
[WhiteElo "2531"]
[BlackElo "2390"]
[PlyCount "51"]
[EventDate "2007.09.21"]
[EventType "swiss"]
[EventRounds "9"]
[EventCountry "ESP"]
[Source "lmi"]
[SourceDate "2007.09.21"]

1. Nf3 f5 2. b3 d6 3. d4 Nf6 4. g3 g6 5. Bg2 Bg7 6. Bb2 O-O 7. O-O Qe8 8. Nbd2
c6 9. c4 Nbd7 10. Qc2 a5 11. Rfe1 a4 12. e4 axb3 13. axb3 Rxa1 14. Bxa1 Nxe4
15. Nxe4 fxe4 16. Qxe4 Bf6 17. Qe3 Qf7 18. h4 Qg7 19. Ng5 Nb6 20. Ne4 d5 21.
Nxf6+ exf6 22. Bc3 dxc4 23. Bb4 Rd8 24. bxc4 Qf7 25. Qf4 Be6 26. Ba5 1-0

[Event "17. Open de Gros 2007"]
[Site "San Sebastián ESP"]
[Date "2007.09.25"]
[Round "5.2"]
[White "Khamrakulov, Dzhurabek"]
[Black "Rizouk, Aimen"]
[Result "1/2-1/2"]
[WhiteElo "2322"]
[BlackElo "2470"]
[PlyCount "40"]
[EventDate "2007.09.21"]
[EventType "swiss"]
[EventRounds "9"]
[EventCountry "ESP"]
[Source "lmi"]
[SourceDate "2007.09.21"]

1. e4 d5 2. exd5 Qxd5 3. Nc3 Qd6 4. d4 Nf6 5. Bc4 a6 6. Nf3 Bg4 7. h3 Bh5 8.
Be3 e6 9. Qe2 Nbd7 10. O-O-O c6 11. g4 Bg6 12. Ne5 Nd5 13. Nxd5 cxd5 14. Bf4
Nxe5 15. Bxe5 Qd7 16. Bd3 Rc8 17. h4 f6 18. Bg3 Bd6 19. h5 Bxd3 20. Rxd3 O-O
1/2-1/2

[Event "17. Open de Gros 2007"]
[Site "San Sebastián ESP"]
[Date "2007.09.25"]
[Round "5.3"]
[White "Mirzoev, Azer"]
[Black "Sanz Perez, Eduardo"]
[Result "1-0"]
[WhiteElo "2551"]
[BlackElo "2156"]
[PlyCount "67"]
[EventDate "2007.09.21"]
[EventType "swiss"]
[EventRounds "9"]
[EventCountry "ESP"]
[Source "lmi"]
[SourceDate "2007.09.21"]

1. d4 e6 2. c4 Nf6 3. Nc3 Bb4 4. e3 d5 5. cxd5 exd5 6. Nge2 c6 7. a3 Bd6 8. g3
Bf5 9. Bg2 Na6 10. h3 Qd7 11. g4 Bg6 12. f4 h6 13. O-O h5 14. f5 hxg4 15. fxg6
O-O-O 16. Nf4 Rh6 17. h4 Rxh4 18. Bd2 fxg6 19. Be1 Rh6 20. Bg3 Nh5 21. Nxh5
gxh5 22. Bxd6 Qxd6 23. Qd3 Re6 24. Qf5 g6 25. Qg5 Qg3 26. Rae1 h4 27. Qf4 Qxf4
28. Rxf4 h3 29. Bf1 Rh8 30. Rxg4 Nc7 31. Rg3 h2+ 32. Kh1 Rf6 33. Bh3+ Kd8 34.
Re2 1-0

[Event "17. Open de Gros 2007"]
[Site "San Sebastián ESP"]
[Date "2007.09.25"]
[Round "5.4"]
[White "Kovalyov, Anton"]
[Black "Tholey, Jean-Paul"]
[Result "1-0"]
[WhiteElo "2510"]
[BlackElo "2004"]
[PlyCount "69"]
[EventDate "2007.09.21"]
[EventType "swiss"]
[EventRounds "9"]
[EventCountry "ESP"]
[Source "lmi"]
[SourceDate "2007.09.21"]

1. e4 e6 2. d4 d5 3. Nc3 dxe4 4. Nxe4 Nd7 5. Nf3 Ngf6 6. Nxf6+ Nxf6 7. Bd3 Be7
8. Qe2 O-O 9. Bg5 c5 10. dxc5 Qa5+ 11. c3 Qxc5 12. O-O Bd7 13. Be3 Qh5 14. Rfd1
Bc6 15. Nd4 Qxe2 16. Bxe2 Be4 17. f3 Bg6 18. c4 Bc5 19. Kf2 e5 20. Nb5 Bxe3+
21. Kxe3 a6 22. Nd6 b6 23. Rac1 Nd7 24. b4 Ra7 25. Rd5 f6 26. Rcd1 Bf7 27. Nxf7
Rxf7 28. Rd6 Kf8 29. R1d5 Rc7 30. Bd1 a5 31. Ba4 Rxc4 32. Rxd7 Rxd7 33. Rxd7
Rxb4 34. Bb3 a4 35. Be6 1-0

[Event "17. Open de Gros 2007"]
[Site "San Sebastián ESP"]
[Date "2007.09.25"]
[Round "5.5"]
[White "Andres Gonzalez, Alberto"]
[Black "Zulaika Centeno, Ander"]
[Result "1-0"]
[WhiteElo "2435"]
[BlackElo "2075"]
[PlyCount "109"]
[EventDate "2007.09.21"]
[EventType "swiss"]
[EventRounds "9"]
[EventCountry "ESP"]
[Source "lmi"]
[SourceDate "2007.09.21"]

1. c4 Nf6 2. g3 c6 3. Bg2 d5 4. Nf3 Bf5 5. O-O e6 6. b3 Bd6 7. Bb2 Nbd7 8. d3
O-O 9. Nbd2 Bg6 10. Rc1 Qe7 11. Qc2 Ba3 12. Rfe1 Bxb2 13. Qxb2 Rfe8 14. b4 a5
15. bxa5 Nc5 16. Qb4 Na6 17. Qxe7 Rxe7 18. Nb3 dxc4 19. Rxc4 Nd5 20. Ne5 Bh5
21. g4 Bg6 22. Rb1 f6 23. Nxg6 hxg6 24. Rb2 Kf7 25. e3 e5 26. Nd2 f5 27. Kf1
Nf6 28. g5 Nd5 29. Nf3 Ra7 30. d4 exd4 31. Nxd4 Nac7 32. Rc5 Rd7 33. h4 Nf4 34.
Rb1 Nxg2 35. Kxg2 Ne6 36. Nxe6 Kxe6 37. Rb2 Rd5 38. Rxd5 Kxd5 39. Kf3 Kd6 40.
Kf4 Kc7 41. h5 gxh5 42. Kxf5 Rxa5+ 43. Kg6 h4 44. f4 Kd6 45. Kxg7 Ke6 46. Kg6
Ra8 47. Rxb7 Rg8+ 48. Kh7 Re8 49. g6 h3 50. Rb6 Kd6 51. g7 h2 52. Rb1 Rxe3 53.
g8=Q Rh3+ 54. Kg6 Rg3+ 55. Kf7 1-0